000 00283nam a22001337a 4500
008 170504b xxu||||| |||| 00| 0 eng d
020 _a9780030938832
041 _aeng
080 _a34
100 _a14
101 _aSHJ
245 _aHUMAN LEGACY
_cRAMIREZ.S.E
942 _2udc
_cBK
999 _c12693
_d12693